[Event "GER-ch Blitz Women 2020"]
[Site "Magdeburg"]
[Date "2020.08.15"]
[Round "4.1"]
[White "Paehtz, Elisabeth"]
[Black "Muetsch, Annmarie"]
[Result "1-0"]
[WhiteElo "2473"]
[BlackElo "2219"]
[Annotator "TA"]
[PlyCount "133"]
[EventDate "2020.07.28"]
[EventType "tourn"]
[EventCountry "GER"]
[SourceTitle "playchess.com"]
[Source "ChessBase"]
[SourceQuality "1"]

{[%evp 19,133,60,91,79,73,79,75,21,35,19,19,12,23,28,64,45,108,92,106,97,106,93,96,93,92,93,87,71,103,102,96,67,128,108,126,89,130,69,150,67,56,34,51,53,46,53,81,62,76,72,100,44,58,29,25,22,21,29,21,35,193,22,17,0,66,-12,104,-43,-13,-27,-25,-21,-20,-27,39,-42,2,-63,23,-54,87,-230,0,-267,-156,-131,26,-128,0,0,266,276,322,296,318,260,714,714,699,699,687,687,687,527,687,683,584,348,29968,29967,29998,29999,29999,29985,29985,29986]} 1. d4 d6 2. Nf3 Nd7 3. g3 g6 4. Bg2 Bg7 5. O-O Ngf6 6. c4 O-O 7. Nc3 e5 8. h3 c6 9. e4 h6 10. Be3 Qe7 11. Qd2 {E69: King's Indian: Fianchetto: 6...Nbd7 7 0-0 e5 8 e4 c6 9 h3.} Kh7 12. Rad1 b6 {[#]} 13. dxe5 $146 (13. d5 $16) ({Predecessor:} 13. Rfe1 Ba6 14. Bf1 Rad8 15. Qc2 Bb7 16. b4 exd4 17. Nxd4 c5 18. bxc5 dxc5 19. Ndb5 {1-0 (42) Somogyi,I (2261)-Linczer,J (2250) Hungary 2002}) 13... Nxe5 $11 14. Nxe5 dxe5 15. Qd6 (15. c5 {is interesting.} b5 16. Qc2 Rd8 17. Rxd8 Qxd8 18. Ne2) 15... Qxd6 16. Rxd6 c5 17. Rfd1 Bb7 (17... Be6 $14) 18. R6d2 Rfe8 19. f3 Bc6 20. h4 Bf8 21. Bh3 Be7 22. Kf2 Rad8 23. Nd5 (23. a4 {feels hotter.} Kg7 24. b3 h5 25. Nb5 a5 26. Nc7) 23... Bxd5 24. cxd5 Bd6 25. Bf1 Kg7 (25... Nh5 $14) 26. Bb5 Re7 27. Rc1 a5 28. Bc6 (28. g4 $16) 28... Nh7 (28... Nh5 $1 $14) 29. Ke2 (29. g4 $16) 29... f5 $1 $14 30. Rf1 f4 31. gxf4 exf4 32. Bf2 g5 33. hxg5 hxg5 34. Rg1 Kf6 35. Kd3 (35. Be1 $16) 35... Nf8 $1 36. Be1 {Threatens to win with Rdg2.} Ng6 37. Rdg2 Ne5+ 38. Ke2 Rg7 39. Bc3 {Rh2 is the strong threat.} Rdg8 $2 (39... Rh8 $14) 40. Bxe5+ $2 (40. Rh2 $18) 40... Kxe5 $11 41. Rg4 Kf6 (41... c4 $11) 42. Kd3 (42. Rh1 $1 $14) 42... Be5 {[#]} (42... Rh7 $11 {remains equal.}) 43. R1g2 (43. Rh1 $1 $16) 43... Rh8 44. Kc4 Rh3 45. Rf2 Bd4 46. Rf1 Bxb2 ({Better is} 46... Ke5 $11) 47. Rb1 (47. d6 $14) 47... Rh2 (47... Be5 $5 {[%cal Rh3f3]} 48. Rxb6 Bd6 $15) 48. Kb5 (48. d6 $11) 48... Bc3 (48... Be5 $15 49. Kxb6 Rf2) 49. Kxb6 ({White should play} 49. d6 $11) 49... Bb4 (49... Bd4 $15 {stays ahead.} 50. d6 c4+ 51. Kxa5 c3) 50. a4 $2 {[%mdl 8192]} (50. d6 $16 {and life is bright.}) 50... Ke5 $2 ({Black should try} 50... c4 $19 {aiming for ...c3.} 51. Rbg1 c3) 51. Bb5 $2 {[%mdl 8192]} (51. Rbg1 $11) 51... Rh6+ (51... Rg6+ $19 52. d6 Rd2) 52. Bc6 $17 Rh3 $2 (52... c4 $17 {And now ...Rh2 would win.} 53. Rbg1 c3) 53. Rf1 $2 {[#]} (53. Rbg1 $11) 53... Rh8 (53... c4 $1 $17 {Strongly threatening ...Rh2.} 54. Rg2 c3) 54. Kb5 $11 Rb8+ $2 {[%mdl 8192]} (54... Rh2 $11 {and Black is okay.}) 55. Kc4 $18 Rh8 56. Rfg1 Rhg8 57. Bb5 Rh8 $2 (57... Rg6 58. Bd7 Ba3) 58. Rxg5+ Rxg5 59. Rxg5+ {[%mdl 4096] Endgame KRB-KRB} Kf6 60. Rf5+ Ke7 61. Rxf4 Rh1 62. e5 Rc1+ 63. Kd3 Rc3+ $2 (63... Rd1+ $18 64. Kc4 Rd2) 64. Ke4 {White mates.} Rc1 65. d6+ Kd8 66. e6 {[%cal Rf4f8]} Re1+ 67. Kd5 {Accuracy: White = 47%, Black = 33%.} 1-0

[Event "GER-ch Blitz Women 2020"]
[Site "Magdeburg"]
[Date "2020.08.15"]
[Round "4.2"]
[White "Kosovska, Olena"]
[Black "Birkholz, Olga"]
[Result "1-0"]
[WhiteElo "1881"]
[BlackElo "2001"]
[Annotator "TA"]
[PlyCount "125"]
[EventDate "2020.07.28"]
[EventType "tourn"]
[EventCountry "GER"]
[SourceTitle "playchess.com"]
[Source "ChessBase"]
[SourceQuality "1"]

{[%evp 16,125,0,2,66,-15,0,0,0,-12,-25,-18,-40,-29,0,-30,-10,-9,-5,-20,0,-14,-11,-11,-11,-2,230,229,248,227,219,-57,69,69,73,63,190,16,16,9,14,24,27,-40,-16,-9,22,27,17,16,194,179,126,75,76,12,12,12,12,0,354,354,354,229,406,205,907,796,29979,1608,4610,5006,7019,7019,6821,6540,6444,6215,5097,2950,1508,0,1729,1433,1564,1375,5089,4639,3777,3402,4149,2056,5197,1926,4133,3254,29979,29982,29981,29983,29984,29985,29987,29988,29988,29989,29989,29990,29991,29991,29992,29992]} 1. e4 c5 2. Nc3 a6 3. f4 g6 4. Nf3 Bg7 5. g3 d6 6. Bg2 Nc6 7. O-O e6 8. d3 Nge7 9. Be3 Nd4 {B25: Closed Sicilian: 3 g3, lines without early Be3.} (9... O-O $11) 10. Ne2 {[#]} (10. e5 $14) 10... Nxe2+ $146 ({Predecessor:} 10... Nec6 11. c3 Nxf3+ 12. Bxf3 O-O 13. Qd2 b6 14. f5 Ne5 15. Bg2 Rb8 16. Bg5 f6 17. Bh6 {½-½ (42) Hagen,P (2218)-Siegler,W (2039) Neustadt 2017}) 11. Qxe2 Bxb2 {The position is equal.} 12. Rab1 Bg7 13. e5 O-O 14. Qf2 {next exd6 is good for White.} Nf5 15. Bd2 b6 16. g4 Ne7 17. Ng5 Ra7 18. Qh4 {[%csl Gg5][%cal Rh4h7]} h6 $1 {[%cal Rh6g5]} 19. Ne4 dxe5 20. fxe5 Qd4+ $2 {[#]} (20... Bxe5 $11 21. Qxh6 Bg7) 21. Kh1 $1 $18 Nd5 22. Bxh6 Qxe5 23. g5 $2 ({White has to play} 23. c4 $18 Bxh6 24. Qxh6) 23... f5 (23... Bxh6 $1 $15 24. Qxh6 Qh8) 24. gxf6 $1 $14 Nxf6 25. Ng5 $40 {[%mdl 128] White has some attack.} (25. Rxb6 Nxe4 26. Bxg7 Rxf1+ 27. Bxf1 Kxg7 $17) 25... Qd4 (25... b5 $14) 26. Qxd4 $2 (26. Rf4 $18 Qe5 27. Rbf1) 26... cxd4 $11 27. Bxg7 Kxg7 28. Rxb6 Rc7 29. Rf2 ({Better is} 29. Rxa6 $11 Ng4 30. Rxf8 (30. Nxe6+ Bxe6 31. Rxf8 Kxf8 $11) 30... Kxf8 31. Rc6 (31. Nxe6+ Bxe6 32. Rxe6 Rxc2 $11) 31... Rxc6 32. Bxc6) 29... Nd5 30. Rxf8 Kxf8 31. Nxe6+ Bxe6 32. Rxe6 {[%mdl 4096] Endgame KRB-KRN} Nf4 $2 (32... Ne3 $11 {and Black stays safe.} 33. Bc6 g5) 33. Rf6+ $18 ({Don't do} 33. Rxa6 $6 Nxd3 34. cxd3 Rc1+ 35. Bf1 Rxf1+ 36. Kg2 Rd1 $14) 33... Rf7 34. Rxf7+ (34. Rxa6 $142 {aiming for Be4.} g5 35. a4) 34... Kxf7 $16 {KB-KN} 35. Be4 ({White should play} 35. Bf3 $16) 35... Ne2 $11 36. Kg2 Nc3 37. a3 {[%cal Ba2a3,Ba3a4][%mdl 32]} Nb5 $2 {[%mdl 8192] [#] Black is on the road to losing.} (37... g5 $11) 38. a4 $1 $18 {[%cal Ra4b5]} Na3 39. Kf3 Nxc2 $2 (39... a5 40. Bd5+ Kf6) 40. Kf4 (40. a5 $142) 40... Nb4 $2 (40... Kf6 41. Bd5 a5) 41. a5 Na2 42. Bb7 (42. Bd5+ $142 Ke7 43. Bxa2 Kd6 44. Bc4 Kc6 45. Bxa6 Kd6 46. Bc4 Kc5 47. h4) 42... Nb4 43. Ke4 Ke6 44. Kxd4 Kd6 45. Kc4 Nc2 46. Bxa6 Ne3+ 47. Kd4 Nf5+ 48. Kc4 Ne3+ 49. Kc3 Nd5+ 50. Kb3 Nc7 51. Bc4 Kc5 52. a6 Kb6 53. Kb4 g5 54. Kc3 Ne8 55. Kd4 Nd6 56. Ke5 {White mates.} Nc8 57. Kf5 Na7 58. Kxg5 Kc5 59. h4 Kd6 60. h5 Ke7 61. h6 Kf8 62. Kg6 Nc6 63. h7 {Accuracy: White = 64%, Black = 41%.} 1-0

[Event "GER-ch Blitz Women 2020"]
[Site "Magdeburg"]
[Date "2020.08.15"]
[Round "4.3"]
[White "Zeller, Elisa"]
[Black "Zimmer, Elke"]
[Result "1-0"]
[WhiteElo "1969"]
[BlackElo "1952"]
[Annotator "TA"]
[PlyCount "115"]
[EventDate "2020.07.28"]
[EventType "tourn"]
[EventCountry "GER"]
[SourceTitle "playchess.com"]
[Source "ChessBase"]
[SourceQuality "1"]

{[%evp 17,115,7,20,-8,-4,-12,5,14,45,-29,-34,-131,30,-58,104,83,97,85,140,128,212,214,416,406,416,133,130,130,137,138,148,137,130,130,150,122,118,118,126,124,137,118,216,223,206,175,190,169,278,229,208,168,337,340,322,328,525,522,565,578,635,612,1045,1006,2407,2333,6307,6333,29961,29964,29975,29977,29975,29977,29980,29981,29981,29982,29983,29983,29985,29983,29984,29983,29984,29985,29988,29985,29985,29986,29986,29987,29986,29982,29992,29993,29994,29994,29997,29998]} 1. e4 Nf6 2. Nc3 c5 3. Nf3 d6 4. d4 cxd4 5. Nxd4 Nc6 6. Be2 a6 7. Be3 e6 8. O-O Be7 9. Kh1 O-O 10. Nxc6 {B83: Sicilian Scheveningen: 6 Be2, lines without ...a6.} bxc6 11. f4 Rb8 {[#]} 12. b3 $146 {The position is equal.} ({Predecessor:} 12. Rb1 Qc7 13. Bd3 e5 14. fxe5 dxe5 15. Ne2 Qa5 16. a3 Bg4 17. Qe1 Qxe1 18. Rfxe1 Bxe2 19. Bxe2 Nxe4 20. Bxa6 {0-1 (51) Schwager,G-Bolwerk,P Ruhrgebiet 1997}) 12... e5 13. f5 (13. Qe1 $14) 13... d5 $11 {[#] aiming for ...d4.} 14. exd5 ({White should try} 14. Bg5 $1 $15) 14... Nxd5 $2 (14... cxd5 $17 {Strongly threatening ...d4.} 15. Bg5 Bb7) 15. Nxd5 ({Better is} 15. Qd3 $11) 15... Qxd5 $2 (15... cxd5 $15 {keeps the upper hand.} 16. c3 Bb7) 16. Bc4 Qxd1 17. Raxd1 Bf6 (17... h5 $142) 18. Rd6 $16 Bb7 (18... Be7 $16 19. Rxc6 Bb7) 19. Rd7 $18 h6 $2 (19... c5 {keeps fighting.} 20. Bxc5 Bc6) 20. Ba7 Bc8 21. Rc7 $2 ({Less strong is} 21. Bxb8 Bxd7 22. Bd6 Rd8 $14) (21. Rxf7 $18 Rxf7 22. Bxb8) 21... Rb7 $16 {[#]} 22. Bxf7+ $1 {[%mdl 576] Deflection} Rxf7 23. Rxc8+ Rf8 24. Rxf8+ Kxf8 {[%mdl 4096] Endgame KRB-KRB} 25. Bc5+ Ke8 26. Re1 Rb5 27. b4 Rb7 28. g3 Kf7 29. Kg2 g6 (29... Rd7 $16) 30. fxg6+ $18 Kxg6 31. Kf3 Kf5 32. g4+ Kg6 (32... Ke6 $142 33. Rd1 Be7) 33. Ke4 Rd7 {intending ...Rd2.} 34. Re2 Bg5 $2 (34... Rd1 35. a4 Rf1) 35. Kxe5 Rd8 {Threatens to win with ...Re8+.} 36. Rf2 Rd5+ $2 (36... a5 37. a3 axb4) 37. Ke6 Bh4 {White must now prevent ...Rxc5.} 38. Rf8 Kg7 39. Rf7+ Kg6 40. Rd7 Rxd7 41. Kxd7 {KB-KB} Be1 42. Kxc6 a5 43. Kb5 {White mates.} axb4 44. Bxb4 Bf2 45. a4 {[%cal Ba2a4,Ba4a5,Ba5a6,Ba6a7][%mdl 32]} Bg1 46. h3 Kg5 47. Be7+ Kf4 48. a5 Ke5 49. c4 Ke6 50. Bh4 Kd7 51. c5 Kc7 52. c6 Be3 53. a6 Bd4 54. Bg3+ Kc8 55. c7 Be3 56. Kc6 h5 57. gxh5 Bf4 58. a7 {Accuracy: White = 70%, Black = 40%.} 1-0

[Event "GER-ch Blitz Women 2020"]
[Site "Magdeburg"]
[Date "2020.08.15"]
[Round "4.5"]
[White "Skibbe, Diana"]
[Black "Zschischang, Marine"]
[Result "0-1"]
[WhiteElo "1991"]
[BlackElo "2070"]
[Annotator "TA"]
[PlyCount "147"]
[EventDate "2020.07.28"]
[EventType "tourn"]
[EventCountry "GER"]
[SourceTitle "playchess.com"]
[Source "ChessBase"]
[SourceQuality "1"]

{[%evp 11,147,27,37,32,21,25,41,4,12,0,0,0,0,0,1,-10,0,-8,29,22,33,27,54,16,16,16,16,16,10,20,11,0,0,0,0,-29,0,-31,-14,-61,-55,-94,0,0,0,0,0,0,7,0,0,0,0,0,0,0,0,0,0,0,0,-8,0,0,0,-41,0,0,0,-47,-50,-77,-77,-75,-36,-92,-52,-60,-53,-75,-50,-142,-123,-113,-82,-159,0,-348,-313,-11977,-12145,-5743,-2029,-29991,-1273,-1199,-1293,-5725,-5311,-5391,-2287,-1523,-750,-1462,0,-1281,-977,-1218,-1198,-1309,-1347,-29957,-11725,-5277,-5407,-29957,-11647,-29975,-29976,-29981,-29980,-29982,-29983,-29983,-29983,-29983,-29984,-29984,-29983,-29986,-29986,-29988,-29988,-29991,-29992,-29992,-29993,-29993]} 1. e4 e6 2. d4 d5 3. Nc3 dxe4 4. Nxe4 Nd7 5. Nf3 Ngf6 6. Bd3 c5 7. c3 {C10: French with 3 Nc3: Unusual Black 3rd moves and 3...dxe4.} Nxe4 8. Bxe4 Nf6 {[#]} 9. Bb1 $146 {White is slightly better.} ({Predecessor:} 9. Bc2 cxd4 10. Nxd4 Bc5 11. O-O Bxd4 12. cxd4 Bd7 13. a4 Bc6 14. Ra3 O-O 15. Bg5 {½-½ (65) Antal,G (2563)-Balog,I (2558) Budapest 2019}) 9... cxd4 10. Nxd4 Bc5 11. O-O Bxd4 12. cxd4 Bd7 13. Bg5 Bc6 14. Qd2 Qd5 {[%csl Gc6][%cal Rd5g2]} 15. f3 Rd8 16. Rd1 O-O 17. Bxf6 gxf6 18. Be4 Qg5 19. Bxc6 bxc6 20. Rac1 {[%cal Ba1c1,Bc1c3,Bc3g3][%mdl 32]} Rd6 21. f4 Qg6 22. Rc3 {Rg3 is the strong threat.} Kh8 23. Rg3 Qf5 24. Qc3 Rfd8 25. h3 c5 {[%cal Rc5d4]} 26. Rgd3 cxd4 (26... Rd5 $17) 27. Rxd4 $11 Rxd4 28. Rxd4 Rxd4 29. Qxd4 $17 {[%mdl 4096] Endgame KQ-KQ} a5 30. Kh2 Kg7 31. b3 Qb5 32. Qe3 Qb4 33. Qg3+ Kf8 34. f5 e5 35. Qe3 Qd6 36. Qh6+ Kg8 37. Qe3 Kf8 38. g3 Ke7 39. h4 Qc7 40. a3 Qc2+ 41. Kh3 Qxf5+ 42. g4 Qc2 43. g5 (43. h5 $15) 43... Qc8+ 44. Kg3 Qc7 45. gxf6+ Kxf6 46. Kg4 (46. b4 $1 $15) 46... Qd7+ 47. Kg3 Qd6 48. Kg4 (48. Qg5+ $142 Ke6 49. Qg4+ Ke7 50. Qg5+ Kd7 51. Qg4+ Qe6 52. Qa4+ Ke7 53. Qb5) 48... Qxa3 $2 ({Black should play} 48... Ke6 $17 49. Qf2 Qd4+ 50. Qxd4 f5+ 51. Kg3 exd4) 49. Qb6+ $2 {[%mdl 8192] [#]} (49. Qg5+ $11 {and White has nothing to worry.} Ke6 50. Qf5+ Kd6 51. Qf6+ Kd7 52. Qxf7+ Qe7 53. Qd5+ Qd6 54. Qf7+ Kc6 55. Qxh7) 49... Kg7 $1 $19 {Threatens to win with ...Qb4+.} 50. Kg5 $2 (50. Kf5 Qe7 51. Qg1+ Kf8 52. Qb6) 50... Qe7+ 51. Kh5 f6 (51... f5 $142 52. Qh6+ Kg8) 52. Qxa5 Qf7+ (52... Qd7 $142 53. Qc7 Qxc7 54. Kg4 Qc3 55. h5 Kf7 56. h6 Qxb3 57. Kh4 f5 58. Kh5 Qh3+ 59. Kg5 Qg4#) 53. Kg4 Qxb3 54. Qc7+ Qf7 55. Qc8 Qg6+ 56. Kf3 Qh5+ (56... Qd3+ $142 57. Kg2 h5 58. Qc7+ Kg6) 57. Kg3 Qg6+ 58. Kf3 $1 e4+ 59. Ke3 f5 60. Qc7+ Kh6 61. Qf4+ Kh5 62. Kd4 {[#]} Qg4 $1 63. Qc7 Kxh4 64. Qxh7+ Kg3 {Black mates.} 65. Qb7 Qd1+ 66. Ke5 Qf3 67. Qg7+ Kf2 68. Qb7 e3 69. Qb6 Qe4+ 70. Kf6 f4 71. Kg5 Kg2 72. Kg4 e2 73. Qb2 f3+ 74. Kh5 {Accuracy: White = 52%, Black = 81%.} 0-1

[Event "GER-ch Blitz Women 2020"]
[Site "Magdeburg"]
[Date "2020.08.15"]
[Round "4.6"]
[White "Scognamiglio, Stefanie"]
[Black "Heinemann, Josefine"]
[Result "1-0"]
[WhiteElo "2097"]
[BlackElo "2281"]
[Annotator "TA"]
[PlyCount "99"]
[EventDate "2020.07.28"]
[EventType "tourn"]
[EventCountry "GER"]
[SourceTitle "playchess.com"]
[Source "ChessBase"]
[SourceQuality "1"]

{[%evp 18,98,0,0,3,0,-10,-83,0,0,20,0,27,27,58,59,207,218,466,452,457,452,811,811,796,783,752,595,586,575,587,580,551,474,933,902,725,180,194,183,186,182,362,363,339,138,236,210,438,127,106,93,101,69,122,83,87,0,88,86,174,166,233,221,29981,29981,29981,29982,29989,29990,29992,29990,29992,29993,29994,29995,29996,29997,29997,29998,29998,29999,29999]} 1. e4 c6 2. d4 d5 3. exd5 cxd5 4. c4 Nf6 5. Nf3 Nc6 6. h3 g6 7. Nc3 Bg7 8. Be2 O-O 9. O-O Bf5 10. Be3 Rc8 {D94: Grünfeld: 4 Nf3 Bg7 5 e3.} 11. c5 Ne4 {[#]} 12. Nh4 $146 (12. Qb3 $11) ({Predecessor:} 12. Na4 h6 13. a3 g5 14. b4 e6 15. Rc1 Bh7 16. b5 Ne7 17. Bd2 Nf5 18. Bb4 {½-½ (38) Hoang,T (2380)-Javakhishvili,L (2447) Khanty-Mansiysk 2017}) 12... Nxc3 ({Black should play} 12... Be6 $17) 13. bxc3 $11 Be6 14. Qd2 Re8 15. Rab1 Qd7 16. Rb2 h6 (16... b6 $14) 17. Bxh6 $18 Bxh3 $2 (17... Bf6 {was worth a try.}) 18. Bxg7 ({Don't play} 18. gxh3 Qxh3 19. Bxg7 (19. Rxb7 Qxh4 20. Bg5 Qh3 $16) 19... Qxh4 $18) 18... Kxg7 19. gxh3 Qxh3 (19... Rh8 $142) 20. Qg5 Rh8 21. Bg4 {[%mdl 64] [#] Double Attack} Qxc3 22. Rxb7 Rxh4 23. Qxh4 Rh8 24. Qg3 Qxd4 25. Rb3 f5 (25... Qxc5 $142 26. Rb7 Qd4) 26. Bxf5 Qf6 27. Qxg6+ $2 (27. Bg4) 27... Qxg6+ 28. Bxg6 Kxg6 {[%mdl 4096] Endgame KRR-KRN} 29. Re1 {[#] Strongly threatening Re6+.} Kf6 $2 (29... e5 30. Rb7 Kf5) 30. Rf3+ Kg5 31. Re6 (31. Rd3 $18 {is more deadly.}) 31... Nd4 $16 32. Re5+ Kg6 $2 (32... Kg4 {is a better defense.} 33. Rg3+ Kf4 34. Rxe7 Nf3+ 35. Rxf3+ Kxf3) 33. Rg3+ $2 (33. Rf4 $18 {is the precise move to win.} Rh4 {[%mdl 64] Decoy} 34. Rxh4 Nf3+ 35. Kf1 Nxe5 36. Ra4) 33... Kf6 34. Re1 e5 35. Ra3 Rh7 (35... e4 $14) 36. Ra6+ Kf5 {Black wants to play ...Nf3+.} 37. Ra3 ({White should try} 37. Rd1 $16) 37... a5 (37... Kf6 $11 {keeps the balance.}) 38. Kg2 Rg7+ (38... Ne6 $16) 39. Kf1 Nc2 (39... Kf4 {might work better.} 40. Rd1 (40. Rxa5 Nf3 $16) 40... Rh7) 40. Rf3+ $18 ({Inferior is} 40. Rxa5 Nxe1 41. Kxe1 Rg1+ 42. Kd2 Rf1 $11) 40... Kg4 $2 (40... Ke6 $18) 41. Rg3+ {White mates.} Kf5 42. Rxg7 Nxe1 43. Kxe1 {KR-K3P} Ke4 44. Ke2 Kd4 45. c6 e4 46. c7 Kc3 47. c8=Q+ Kb4 48. Rb7+ Ka4 49. Qc2+ Ka3 50. Qb3# {Accuracy: White = 59%, Black = 30%.} 1-0

[Event "GER-ch Blitz Women 2020"]
[Site "Magdeburg"]
[Date "2020.08.15"]
[Round "4.7"]
[White "Michna, Marta"]
[Black "Leib, Britta"]
[Result "1-0"]
[WhiteElo "2350"]
[BlackElo "1903"]
[Annotator "TA"]
[PlyCount "84"]
[EventDate "2020.07.28"]
[EventType "tourn"]
[EventCountry "GER"]
[SourceTitle "playchess.com"]
[Source "ChessBase"]
[SourceQuality "1"]

{[%evp 10,84,0,-8,35,33,35,20,35,26,58,38,51,52,53,64,66,57,85,54,56,0,88,0,55,7,21,2,2,-8,2,-14,0,0,79,0,0,1,6,6,7,-75,-35,-29,6,7,20,0,28,0,0,0,0,0,0,0,0,0,68,56,68,58,120,153,159,74,221,87,163,120,130,36,127,112,120,115,154]} 1. d4 Nf6 2. c3 g6 3. Nf3 Bg7 4. Bf4 d6 5. h3 O-O 6. Nbd2 c6 {A48: 1 d4 Nf6 2 Nf3 g6: Torre, London and Colle Systems.} 7. e4 Nbd7 8. Qc2 Re8 {The position is equal.} 9. Be2 {[#]} a6 $146 ({Predecessor:} 9... e5 10. Bh2 Qe7 11. Bd3 Nh5 12. O-O Nf4 13. Bxf4 exf4 14. Rfe1 a5 15. a4 b6 {1-0 (77) Kostic,D-Bekker Jensen,A Tallinn 1997}) 10. a4 b6 {[%cal Bb7b6,Bb6b5][%mdl 32]} 11. O-O Bb7 12. Rfe1 b5 13. Bf1 Qb6 14. Be3 Qc7 15. Bf4 Qb6 16. Nb3 ({White should play} 16. b4 $16) 16... Rec8 (16... e5 $11 17. dxe5 dxe5) 17. axb5 axb5 18. Nfd2 c5 19. dxc5 dxc5 20. Be3 Rxa1 21. Rxa1 Ra8 (21... Ne8 $11) 22. f3 (22. Rxa8+ $16 Bxa8 {[#]} 23. Nxc5 $1 {[%mdl 512]} Nxc5 24. b4) 22... Rxa1 $11 23. Nxa1 Qa6 24. Nab3 c4 25. Nc5 (25. Nc1 $11) 25... Nxc5 26. Bxc5 e6 27. b3 {[%cal Rb3c4]} Qc6 (27... Nd7 $5 {[%cal Rd7c5]} 28. Bf2 Qa1 $11) 28. Be3 $36 {[%cal Rb3c4][%mdl 2048] White has good play.} cxb3 29. Qxb3 Ba6 $1 30. Bd4 Nh5 31. Bxg7 Kxg7 32. Qb4 Ng3 33. Qd4+ f6 (33... Kg8 $11) 34. Bd3 e5 35. Qa7+ Bb7 (35... Kf8 $14) 36. Nb3 $16 {[#] Nc5 is the strong threat.} Kh6 37. Qc5 (37. Nc5 $142 Qd6 38. Bxb5) 37... Qd7 (37... Qxc5+ $16 38. Nxc5 Bc6) 38. Qxb5 (38. Qf8+ $18 Qg7 39. Qd6) 38... Qd6 (38... Bc6 $16 39. Qa6 Nh5) 39. Kf2 Nh5 40. g3 (40. Bf1 $16 Bc8 41. Qc5) 40... Qd8 (40... Bc8 $14) 41. Nc5 Bc8 42. h4 Bh3 {Accuracy: White = 58%, Black = 53%.} 1-0

[Event "GER-ch Blitz Women 2020"]
[Site "Magdeburg"]
[Date "2020.08.15"]
[Round "4.8"]
[White "Osmanodja, Filiz"]
[Black "Voicu-Jagodzinsky, Carmen"]
[Result "1-0"]
[WhiteElo "2293"]
[BlackElo "2244"]
[Annotator "TA"]
[PlyCount "51"]
[EventDate "2020.07.28"]
[EventType "tourn"]
[EventCountry "GER"]
[SourceTitle "playchess.com"]
[Source "ChessBase"]
[SourceQuality "1"]

{[%evp 15,51,3,33,47,28,25,79,40,79,108,79,117,116,74,71,70,70,42,33,0,8,-17,-14,-11,-22,-41,-29,-73,28,-76,48,-26,115,32,30,53,29995,29996]} 1. e4 c5 2. Nc3 Nc6 3. Nf3 g6 4. d4 cxd4 5. Nxd4 Bg7 6. Be3 Nf6 7. Bc4 O-O 8. Bb3 d5 9. exd5 {B35: Sicilian: Accelerated Dragon with 5 Nc3: main line.} Na5 $1 10. O-O {[#]} a6 $146 (10... Nxb3 $11 11. Nxb3 b6) ({Predecessor:} 10... Nxb3 11. Nxb3 b6 12. d6 e6 13. Qf3 Rb8 14. Rfd1 Bb7 15. Qh3 Rc8 16. Bd4 Nd5 17. Nxd5 Bxd5 18. Bxg7 Kxg7 {1-0 (34) Vachier Lagrave,M (2796)-Gelfand,B (2719) Palma de Mallorca 2017}) 11. Re1 {White is better.} b5 12. Nc6 Nxc6 13. dxc6 {Strongly threatening Bc5.} Qc7 14. Nd5 Nxd5 15. Bxd5 Bxb2 16. Rb1 Bc3 17. Rf1 Bf5 18. Rb3 b4 19. a3 {Hoping for g4.} a5 20. axb4 axb4 21. g4 Bc8 ({Better is} 21... Rfd8 $17 {...Be6 is the strong threat.} 22. gxf5 Ra5 23. Bxf7+ Kxf7 24. fxg6+ hxg6 25. Qf3+ Rf5) 22. Qf3 (22. Rxc3 $11 {keeps the balance.} bxc3 23. Bh6) 22... e6 ({Black should play} 22... Be6 $17 23. Bxe6 fxe6) 23. Be4 (23. Bc4 $14) 23... Ra2 {[#]} (23... f5 $1 $11 24. gxf5 gxf5) 24. Rxc3 (24. Bh6 $1 $16 f5 25. Rxc3 (25. Bxf8 fxe4 26. Qg3 Be5 $17) 25... bxc3 26. Bxf8 (26. Qxc3 Qf7 $16) 26... Kxf8 27. Qxc3) 24... bxc3 $14 {[#]} 25. Bh6 $1 {[%mdl 512] Threatening mate with Qf6!} Ba6 $2 {[%mdl 8192] [#]} (25... Qe5 $14) 26. Qf6 $1 {[%mdl 512] Accuracy: White = 29%, Black = 30%.} 1-0

[Event "GER-ch Blitz Women 2020"]
[Site "Magdeburg"]
[Date "2020.08.15"]
[Round "4.9"]
[White "Braun, Kristin"]
[Black "Mader, Lena"]
[Result "0-1"]
[WhiteElo "1918"]
[BlackElo "1839"]
[Annotator "NA"]
[PlyCount "49"]
[EventDate "2020.07.28"]
[EventType "tourn"]
[EventCountry "GER"]
[SourceTitle "playchess.com"]
[Source "ChessBase"]
[SourceQuality "1"]
[TimeControl "180+2"]

1. e4 {[%emt 0:00:00]} c5 {[%emt 0:00:00]} 2. Nf3 {[%emt 0:00:00]} d6 {[%emt 0:00:00]} 3. d4 {[%emt 0:00:01]} cxd4 {[%emt 0:00:01]} 4. Bc4 {[%emt 0:00:01]} e6 {[%emt 0:00:07]} 5. O-O {[%emt 0:00:02]} Nf6 {[%emt 0:00:01]} 6. Qe2 {[%emt 0:00:01]} Be7 {[%emt 0:00:03]} 7. Nxd4 {[%emt 0:00:03]} O-O {[%emt 0:00:03]} 8. h3 {[%emt 0:00:03]} a6 {[%emt 0:00:01]} 9. a4 {[%emt 0:00:06]} Nbd7 {[%emt 0:00:11]} 10. Rd1 {[%emt 0:00:06]} Qc7 {[%emt 0:00:03]} 11. Nc3 {[%emt 0:00:10]} Ne5 {[%emt 0:00:15]} 12. Bb3 {[%emt 0:00:12]} Nc6 {[%emt 0:00:12]} 13. Be3 {[%emt 0:00:23]} Bd7 {[%emt 0:00:19]} 14. Nxc6 {[%emt 0:00:14]} Bxc6 {[%emt 0:00:01]} 15. a5 {[%emt 0:00:02]} Rac8 {[%emt 0:00:15]} 16. Bb6 {[%emt 0:00:23]} Qb8 {[%emt 0:00:02]} 17. Ba4 {[%emt 0:00:06]} Bd8 {[%emt 0:00:07]} 18. Bxd8 {[%emt 0:00:46]} Rfxd8 {[%emt 0:00:02]} 19. Bxc6 {[%emt 0:00:12]} Rxc6 {[%emt 0:00:03]} 20. Na4 {[%emt 0:00:10]} Qc7 {[%emt 0:00:03]} 21. Nc3 {[%emt 0:00:10]} h6 {[%emt 0:00:09]} 22. Rd2 {[%emt 0:00:19]} Rc5 {[%emt 0:00:13]} 23. Rad1 {[%emt 0:00:05]} Ne8 {[%emt 0:00:15]} 24. Qg4 Rg5 25. Qf4 0-1